000
00310nam a2200121Ia 4500
008
190722s9999 xx 000 0 und d
020
_a
978-1-118-03471-2
100
_a
Jim Cockrum
245
0
_a
Marketing 101-low and no -cost ways
260
_a
America
_b
John Wiley & Sons
_c
2011
300
_a
327
942
_c
BK
999
_c
519
_d
519